000 00423nam a2200181Ia 4500
008 220531s9999 xx 000 0 und d
041 _aeng
082 _bVEN / PRA
100 _aVenugopal, K. / Prasad, S. R.
_959444
245 _aProgramming With C
250 _a18th
260 _bTata
_c2011
300 _a560
542 _d17-03-2006
650 _aComputer
_959445
906 _d2005-2006
999 _c34007
_d34007